000 00702nam a22002657a 4500
003 CHAP
005 20220329140401.0
008 971013s1959 r 00010 d
010 _a51213
011 _a52185
035 _a56335
040 _cCHAP
082 _a632
_bW3Y
100 0 0 _aWalton, E. V.
_9120991
245 _aCosechas productivas
260 _aMéxico, D.F. :
_bCECSA,
_c1959
300 _a598 p.
590 _aBATCH-UPD
_b10
_c20130110
_lUCH01
_h0537
590 _aCONVERSION
_b10
_c20130109
_lUCH01
_h1328
650 1 4 _aCereales.
_921370
650 1 4 _aCultivos.
_930221
901 _aBK
942 _cLIBRO
949 _a632 W3Y
_bBC
_cLIBRO
_d33724000176038
_eLIBRO
_h39775
_i56335
_mD
_si
999 _c51213
_d51213